Sentencias : (Record no. 81513)

MARC details
000 -LEADER
campo de control de longitud fija 01010cam a2200325Mi 4500
001 - NÚMERO DE CONTROL
campo de control 80116
005 - FECHA Y HORA DE LA ÚLTIMA TRANSACCIÓN
campo de control 20230410130840.0
008 - DATOS DE LONGITUD FIJA--INFORMACIÓN GENERAL
campo de control de longitud fija 010227s1995 sp g 000 j spa d
035 ## - NÚMERO DE CONTROL DEL SISTEMA
Número de control de sistema (OCoLC)ocn440645515
040 ## - FUENTE DE CATALOGACIÓN
Centro catalogador/agencia de origen SILIS
Normas de descripción ppiak
Lengua de catalogación slv
Centro/agencia transcriptor SILIS
020 ## - NÚMERO INTERNACIONAL ESTÁNDAR DEL LIBRO
Número Internacional Estándar del Libro 8478805060
020 ## - NÚMERO INTERNACIONAL ESTÁNDAR DEL LIBRO
Número Internacional Estándar del Libro 9788478805068
035 ## - NÚMERO DE CONTROL DEL SISTEMA
Número de control de sistema (OCoLC)440645515
044 ## - CÓDIGO DEL PAÍS DE LA ENTIDAD EDITORA/PRODUCTORA
Código MARC del país sp
Código ISO del país esp
049 ## - FONDOS LOCALES (OCLC)
Biblioteca depositaria GRAL
050 14 - SIGNATURA TOPOGRÁFICA DE LA BIBLIOTECA DEL CONGRESO
Número de clasificación PQ 6421
Número de ítem Q5s 1995
100 1# - ENTRADA PRINCIPAL--NOMBRE DE PERSONA
Nombre de persona Quevedo, Francisco de.
245 10 - MENCIÓN DEL TÍTULO
Título Sentencias :
Resto del título de la mundana falsedad y las vanidades de los hombres /
Mención de responsabilidad, etc. Quevedo ; edición de Paloma Fanconi.
260 ## - PUBLICACIÓN, DISTRIBUCIÓN, ETC.
Lugar de publicación, distribución, etc. Madrid :
Nombre del editor, distribuidor, etc. Temas de Hoy,
Fecha de publicación, distribución, etc. 1995.
300 ## - DESCRIPCIÓN FÍSICA
Extensión lxxviii, 129 str. ;
Dimensiones 19 cm.
490 0# - MENCIÓN DE SERIE
Mención de serie Clásicos / Temas de hoy
504 ## - NOTA DE BIBLIOGRAFÍA, ETC.
Nota de bibliografía, etc. Bibliografía: str. LXXVI-LXXVIII.
600 14 - PUNTO DE ACCESO ADICIONAL DE MATERIA--NOMBRE DE PERSONA
Nombre de persona Quevedo, Francisco de,
Fechas asociadas al nombre 1580-1645
Subdivisión general éSpanska knjiézevnost
Subdivisión de forma Literarne vede.
650 #4 - PUNTO DE ACCESO ADICIONAL DE MATERIA--TÉRMINO DE MATERIA
Término de materia o nombre geográfico como elemento de entrada CES
650 #4 - PUNTO DE ACCESO ADICIONAL DE MATERIA--TÉRMINO DE MATERIA
Término de materia o nombre geográfico como elemento de entrada Coelcción Enriquillo Sánchez
700 12 - ENTRADA AGREGADA--NOMBRE PERSONAL
Nombre de persona Fanconi, Paloma.
942 ## - ELEMENTOS DE ENTRADA SECUNDARIOS (KOHA)
Fuente del sistema de clasificación o colocación Clasificación de Library of Congress
Tipo de ítem Koha
994 ## -
-- C0
-- DRFGD
946 ## - PROCESAMIENTO DE INFORMACIÓN LOCAL (OCLC)
a RdC
Holdings
Estatus retirado Estado de pérdida Fuente del sistema de clasificación o colocación Estado de daño No para préstamo Colección Biblioteca de origen Biblioteca actual Ubicación en estantería Fecha de adquisición Serial enumeration / chronology Signatura topográfica completa Código de barras Visto por última vez Copia número Tipo de ítem Koha
    Clasificación de Library of Congress     Humanidades Biblioteca Juan Bosch Biblioteca Juan Bosch Humanidades (4to. Piso) 10/04/2023 1 PQ 6421 Q5s 1995 00000068961 25/10/2018 1